MARC

LEADER 00000nam0a2200000 4500
001 349606
005 20231102010223.0
035 |a (RuTPU)RU\TPU\retro\2343 
090 |a 349606 
100 |a 20180730d1946 m y0rusy50 ca 
101 0 |a rus 
102 |a RU 
105 |a y z 000ay 
200 1 |a Огненная земля  |e роман  |f А. Первенцев 
210 |a Москва  |c Советский писатель  |d 1946 
215 |a 339 с. 
316 |5 63413507: КР-5578  |a На титульном листе владельческая подпись "Бутаков" 
317 |5 63413507: КР-5578  |a Поступила в НТБ в 1970 г. в составе книжного собрания профессора ТПИ И. Н. Бутакова 
606 1 |a Русская литература современная  |2 stltpush  |3 (RuTPU)RU\TPU\subj\26373  |9 50316 
610 1 |a проза 
610 1 |a романы 
610 1 |a библиотека И. Н. Бутакова 
610 1 |a владельческие знаки 
675 |a Р2  |v 4 
700 1 |a Первенцев  |b А.  |g Аркадий 
801 1 |a RU  |b 63413507  |c 20180730 
801 2 |a RU  |b 63413507  |c 20181227  |g RCR 
942 |c BK